[Event "62nd ch-IND 2025"]
[Site "Guntur IND"]
[Date "2025.09.30"]
[Round "10.20"]
[White "Ajay Santhosh Parvathareddy"]
[Black "Sangma, Rahul"]
[Result "1/2-1/2"]
[WhiteTitle "FM"]
[BlackTitle "IM"]
[WhiteElo "2482"]
[BlackElo "2122"]
[WhiteFideId "25998676"]
[BlackFideId "5013615"]
[EventDate "2025.09.21"]

1. d4 Nf6 2. c4 e6 3. Nf3 Bb4+ 4. Bd2 a5 5. a3 Bxd2+ 6. Qxd2 b6 7. Nc3 Bb7 8. g3
d6 9. Bg2 O-O 10. O-O Ne4 11. Nxe4 Bxe4 12. Qf4 f5 13. Rfd1 Qf6 14. Rac1 Nd7 15.
b4 axb4 16. axb4 e5 17. dxe5 Nxe5 18. c5 Ng6 19. Qg5 dxc5 20. bxc5 Rad8 21. Rxd8
Qxd8 22. Qh5 Bxf3 23. Qxf3 f4 24. Qd5+ Kh8 25. Qxd8 Rxd8 26. Be4 fxg3 27. hxg3
Ne5 28. f4 Ng4 29. Bf3 Ne3 30. Kf2 Nf5 31. Be4 Nd4 32. cxb6 cxb6 33. Rb1 Rb8 34.
Rh1 h6 35. e3 Ne6 36. g4 Nc5 37. Bg6 b5 38. Rh5 Rb6 39. Bb1 Na4 40. Bc2 Rc6 41.
Bd3 Rc5 42. Rh1 Nc3 43. Ra1 Rc8 44. Ke1 b4 45. Ra7 Re8 46. Bg6 Rb8 47. Kd2 Rd8+
48. Ke1 Rb8 49. Kd2 Rd8+ 50. Ke1 Rb8 1/2-1/2

[Event "62nd ch-IND 2025"]
[Site "Guntur IND"]
[Date "2025.09.30"]
[Round "10.21"]
[White "Aamuktha Guntaka"]
[Black "Dhulipalla, Bala Chandra Prasad"]
[Result "1/2-1/2"]
[WhiteTitle "WCM"]
[BlackTitle "IM"]
[WhiteElo "2102"]
[BlackElo "2446"]
[WhiteFideId "33486697"]
[BlackFideId "25005812"]
[EventDate "2025.09.21"]

1. e4 e5 2. Nf3 Nc6 3. Nc3 Nf6 4. d4 exd4 5. Nxd4 Bc5 6. Be3 Bb6 7. Qd2 O-O 8.
O-O-O Re8 9. f3 d5 10. exd5 Nxd5 11. Bg5 f6 12. Bc4 Ne7 13. Bh4 Kh8 14. Nxd5
Nxd5 15. Rhe1 c6 16. c3 Bxd4 17. Qxd4 Be6 18. Bb3 b5 19. Rd2 Bf7 20. Rde2 Rxe2
21. Rxe2 c5 22. Qd1 c4 23. Bc2 Qa5 24. Be4 Qxa2 25. Bxd5 Rd8 26. Rd2 Qa1+ 27.
Kc2 Qxd1+ 28. Rxd1 Bxd5 29. Ra1 Ra8 30. Bf2 a6 31. Bb6 Be6 32. Re1 Bf5+ 33. Kc1
Kg8 34. Re7 Rb8 35. Bd4 Rc8 36. g4 Bd3 37. g5 Rc6 38. gxf6 gxf6 39. Kd2 Kf8 40.
Rb7 Re6 41. Be3 Re5 42. Rb6 Rf5 43. Bd4 Rh5 44. Rxf6+ Ke7 45. Rxa6 Rxh2+ 46. Ke3
Rxb2 47. Rb6 Kd7 48. Bc5 Kc7 49. Rf6 Bg6 50. Bd6+ Kd7 51. Bb4 Be8 52. Rd6+ Kc7
53. Re6 Bg6 54. Re5 Kc6 55. Re6+ Kd5 56. Rd6+ Ke5 57. f4+ Kf5 58. Rd5+ Ke6 59.
Rxb5 Bd3 60. Rb6+ Kf5 61. Rb5+ Kg6 62. Rb6+ Kf7 63. Bc5 Re2+ 64. Kf3 h5 65. Rh6
Re8 66. Kg3 Be2 67. Bd4 Re6 68. Rxe6 Kxe6 69. Kh2 1/2-1/2

[Event "62nd ch-IND 2025"]
[Site "Guntur IND"]
[Date "2025.09.30"]
[Round "10.22"]
[White "Das, Sayantan"]
[Black "Deshmukh, Anup"]
[Result "1-0"]
[WhiteTitle "GM"]
[BlackTitle "IM"]
[WhiteElo "2435"]
[BlackElo "2099"]
[WhiteFideId "5034426"]
[BlackFideId "5000564"]
[EventDate "2025.09.21"]

1. e4 e5 2. Nf3 Nc6 3. Bb5 f5 4. d3 fxe4 5. dxe4 Nf6 6. O-O d6 7. Nc3 Be7 8. Bc4
Na5 9. Qd3 Nxc4 10. Qxc4 Qd7 11. Ng5 Rf8 12. Nd5 Nxd5 13. exd5 Bxg5 14. Bxg5 Qg4
15. f4 h6 16. h3 Qh5 17. Qxc7 hxg5 18. fxe5 Rf7 19. Qxd6 Bxh3 20. e6 Re7 21. Rf2
Bxg2 22. Kxg2 Qg4+ 23. Qg3 Qd4 24. Qf3 O-O-O 25. Rd1 Qxb2 26. d6 Rxe6 27. Qg4
Kd7 28. Qc4 1-0

[Event "62nd ch-IND 2025"]
[Site "Guntur IND"]
[Date "2025.09.30"]
[Round "10.23"]
[White "Srihari, L"]
[Black "Nirvan Bhamidi"]
[Result "1-0"]
[WhiteTitle "IM"]
[WhiteElo "2373"]
[BlackElo "2098"]
[WhiteFideId "46642056"]
[BlackFideId "33386722"]
[EventDate "2025.09.21"]

1. e4 c6 2. d4 d5 3. Nd2 dxe4 4. Nxe4 Nf6 5. Nxf6+ exf6 6. c3 Bd6 7. Bd3 O-O 8.
Ne2 Re8 9. O-O Na6 10. h3 Nc7 11. c4 Ne6 12. Be3 g6 13. Nc3 f5 14. d5 Nf4 15. c5
Be5 16. Bxf4 Bxf4 17. Qf3 Be5 18. dxc6 Bxc3 19. Bc4 bxc6 20. Qxc3 Be6 21. Rad1
Qh4 22. Bxe6 Rxe6 23. Rfe1 Rd8 24. Rxd8+ Qxd8 25. Rxe6 fxe6 26. Qe5 Kf7 27. b4
a6 28. a3 h5 29. h4 Qd7 30. Qe2 Qb7 31. Qd3 Qc8 32. Qd6 Qb7 33. Kh2 Qc8 34. Kg3
Kf6 35. Kf4 Qe8 36. g3 Kf7 37. Kg5 Qc8 38. Qd4 e5 39. Qd6 1-0

[Event "62nd ch-IND 2025"]
[Site "Guntur IND"]
[Date "2025.09.30"]
[Round "10.24"]
[White "Panda, Sambit"]
[Black "Vandan Alankar Sawai"]
[Result "1/2-1/2"]
[WhiteTitle "IM"]
[BlackTitle "CM"]
[WhiteElo "2368"]
[BlackElo "2086"]
[WhiteFideId "25091794"]
[BlackFideId "25973096"]
[EventDate "2025.09.21"]

1. Nf3 d5 2. d4 Nf6 3. c4 e6 4. Nc3 Bb4 5. Bg5 h6 6. Bh4 dxc4 7. a3 Bxc3+ 8.
bxc3 Nbd7 9. e4 g5 10. Bg3 Nxe4 11. Bxc4 Nxg3 12. fxg3 g4 13. Nd2 Qg5 14. Qe2
Nb6 15. O-O Nxc4 16. Nxc4 f6 17. Ne3 h5 18. Rab1 b6 19. Rb5 c5 20. Nf5 O-O 21.
Nd6 Bd7 22. Rbb1 cxd4 23. Ne4 Qg6 24. cxd4 Rac8 25. Rf4 e5 26. dxe5 fxe5 27.
Rxf8+ Rxf8 28. Rd1 Bc6 29. Nf2 Qf6 30. Qe3 Re8 1/2-1/2

[Event "62nd ch-IND 2025"]
[Site "Guntur IND"]
[Date "2025.09.30"]
[Round "10.25"]
[White "Joel Paul Ganta"]
[Black "Utsab, Chatterjee"]
[Result "0-1"]
[WhiteTitle "CM"]
[BlackTitle "IM"]
[WhiteElo "2050"]
[BlackElo "2299"]
[WhiteFideId "35066145"]
[BlackFideId "46609148"]
[EventDate "2025.09.21"]

1. c4 e6 2. Nf3 d5 3. d4 Nf6 4. g3 Bb4+ 5. Nc3 O-O 6. Bg2 dxc4 7. O-O Nc6 8. Re1
a6 9. e4 h6 10. Bf4 b5 11. a3 Ba5 12. Qe2 Bb7 13. Rad1 Re8 14. h3 Qe7 15. g4
Rad8 16. g5 Nh5 17. Bc1 hxg5 18. Nxg5 g6 19. e5 Rxd4 20. Bxc6 Rxd1 21. Bxb7 Rxc1
22. Nge4 Rxe1+ 23. Qxe1 Qh4 24. Qe3 Kg7 25. Ne2 Rd8 26. N4g3 Nxg3 27. Nxg3 Bb6
28. Qf3 Rd3 29. Qf6+ Qxf6 30. exf6+ Kxf6 31. Bxa6 Rxg3+ 0-1

[Event "62nd ch-IND 2025"]
[Site "Guntur IND"]
[Date "2025.09.30"]
[Round "10.26"]
[White "Kshatriya, Nitin Vekhande"]
[Black "Ramakrishna, J."]
[Result "1-0"]
[WhiteTitle "FM"]
[BlackTitle "FM"]
[WhiteElo "2285"]
[BlackElo "2028"]
[WhiteFideId "45075530"]
[BlackFideId "5008174"]
[EventDate "2025.09.21"]

1. e4 c5 2. Nf3 d6 3. d4 cxd4 4. Nxd4 Nf6 5. Nc3 Nc6 6. Bg5 e6 7. Qd2 a6 8.
O-O-O Bd7 9. f4 Be7 10. Nf3 b5 11. Bxf6 gxf6 12. g4 Rc8 13. Kb1 Na5 14. f5 b4
15. fxe6 fxe6 16. Ne2 Nc4 17. Qh6 Qc7 18. Rc1 Qb7 19. Ned4 e5 20. Bxc4 Rxc4 21.
Nf5 Bxf5 22. gxf5 Rxe4 23. Qg7 Rf8 24. Qxh7 Re3 25. Nh4 Rh3 26. Qg6+ Rf7 27. Qg4
Re3 28. Qh5 Rh3 29. Rhg1 Qd5 30. Rcd1 Qc4 31. Rg4 e4 32. b3 Qc3 33. Rg7 1-0

[Event "62nd ch-IND 2025"]
[Site "Guntur IND"]
[Date "2025.09.30"]
[Round "10.27"]
[White "Shreyash Singh"]
[Black "Sharnarthi Viresh"]
[Result "0-1"]
[WhiteElo "2065"]
[BlackElo "2281"]
[WhiteFideId "33426058"]
[BlackFideId "25978055"]
[EventDate "2025.09.21"]

1. e4 c5 2. Nf3 Nc6 3. d4 cxd4 4. Nxd4 Nf6 5. Nc3 d6 6. Bg5 h6 7. Bxf6 gxf6 8.
Qd2 h5 9. f4 Bh6 10. g3 h4 11. O-O-O Bd7 12. Nf5 Bxf5 13. exf5 Qa5 14. Bd3 d5
15. Bb5 O-O-O 16. Bxc6 bxc6 17. Qe3 hxg3 18. hxg3 d4 19. Qxe7 dxc3 20. Qxf6 Qc5
21. Rxd8+ Rxd8 22. Qxh6 Qd5 23. bxc3 Kc7 24. Kb2 Qb5+ 25. Kc1 Qa5 26. Kb2 Rb8+
27. Kc1 Rd8 28. Kb2 Qb6+ 29. Ka3 Rd5 0-1

[Event "62nd ch-IND 2025"]
[Site "Guntur IND"]
[Date "2025.09.30"]
[Round "10.28"]
[White "Challa Saharsha"]
[Black "Aditya, Varun Gampa"]
[Result "1-0"]
[BlackTitle "FM"]
[WhiteElo "2014"]
[BlackElo "2273"]
[WhiteFideId "25168525"]
[BlackFideId "45066183"]
[EventDate "2025.09.21"]

1. e4 c5 2. Nc3 a6 3. g3 b5 4. Bg2 Bb7 5. d3 e6 6. Nh3 b4 7. Ne2 d5 8. O-O Be7
9. f4 Nf6 10. e5 Nfd7 11. c3 bxc3 12. bxc3 O-O 13. Rb1 Bc6 14. Be3 Nb6 15. g4
N8d7 16. Ng3 Rc8 17. Bd2 Re8 18. Qe2 Bf8 19. Ng5 Qc7 20. Rbe1 Rb8 21. f5 Na4 22.
fxe6 fxe6 23. Qf2 Ndb6 24. Nh5 Re7 25. Nf6+ gxf6 26. exf6 Rf7 27. Bf4 Bd6 28.
Bxd6 Qxd6 29. Nxf7 Kxf7 30. Qh4 Nd7 31. Qh5+ Kf8 32. Qh6+ Ke8 33. f7+ Ke7 34.
Qh4+ Kf8 35. Qxh7 Nxc3 36. g5 e5 37. g6 Nf6 38. Rxf6 Qxf6 39. Qg8+ Ke7 40. Qxb8
e4 41. Rf1 Ne2+ 42. Kh1 1-0

[Event "62nd ch-IND 2025"]
[Site "Guntur IND"]
[Date "2025.09.30"]
[Round "10.29"]
[White "Venkatesh Das"]
[Black "Harshit, Ranjan Sahu"]
[Result "0-1"]
[BlackTitle "CM"]
[WhiteElo "2013"]
[BlackElo "2258"]
[WhiteFideId "25943316"]
[BlackFideId "25638815"]
[EventDate "2025.09.21"]

1. e4 e5 2. Nf3 Nc6 3. Bc4 Nf6 4. d3 h6 5. a4 d6 6. c3 g5 7. Qb3 Qd7 8. a5 Bg7
9. Be3 O-O 10. O-O Nh5 11. a6 bxa6 12. Bd5 Rb8 13. Qc4 Ne7 14. Qa2 Nxd5 15. exd5
Nf4 16. Bxa7 Ra8 17. Be3 Nxg2 18. Nbd2 Qh3 19. Kh1 Nxe3 20. fxe3 g4 21. Qc4 Ra7
22. Rae1 gxf3 23. Rxf3 Qg4 24. d4 Bf5 25. Rg1 Qh5 26. dxe5 dxe5 27. d6 Bg6 28.
Rfg3 Kh7 29. Qc5 Rb7 30. d7 Rxb2 31. Nf3 Rd8 32. Qxc7 Bf6 33. Qc6 Qf5 34. Qxa6
Rxd7 35. Qc6 Ra7 36. Rf1 Qe6 37. Qc5 Raa2 38. Qf8 Qd5 39. Kg1 Ra8 40. c4 Rxf8
41. cxd5 e4 42. Nd2 Rxd2 43. Rxf6 Ra8 44. Rg2 Rxd5 45. h4 Ra1+ 46. Kf2 Rd3 47.
Rg4 Ra2+ 48. Kg1 Rxe3 49. h5 Bxh5 50. Rh4 Re1+ 51. Rf1 Rxf1+ 52. Kxf1 Bf3 53.
Kg1 e3 54. Rf4 Ra1+ 55. Kh2 e2 56. Rxf3 e1=Q 57. Rxf7+ Kg6 58. Rf3 Qh4+ 59. Kg2
Ra2+ 60. Kg1 Qh2+ 0-1

[Event "62nd ch-IND 2025"]
[Site "Guntur IND"]
[Date "2025.09.30"]
[Round "10.30"]
[White "Kumaresh, A"]
[Black "Gopal Krishna Maheshwari"]
[Result "1-0"]
[WhiteTitle "CM"]
[WhiteElo "2256"]
[BlackElo "1996"]
[WhiteFideId "45022259"]
[BlackFideId "25174738"]
[EventDate "2025.09.21"]

1. e4 e5 2. Nf3 Nc6 3. Bb5 a6 4. Ba4 Nf6 5. O-O Bc5 6. Nxe5 Nxe5 7. d4 Bxd4 8.
Qxd4 Qe7 9. f4 Nc6 10. Bxc6 dxc6 11. Nc3 O-O 12. f5 Re8 13. Bg5 b6 14. Rae1 Qe5
15. Qf2 Ng4 16. Qh4 Qc5+ 17. Kh1 Ne5 18. Re3 f6 19. Bf4 Nf7 20. Rh3 h6 21. Rg3
Qc4 22. Kg1 Ng5 23. Qg4 Qf7 24. e5 Kh8 25. e6 Nxe6 26. fxe6 Bxe6 27. Qh4 Kh7 28.
Bxh6 1-0

[Event "62nd ch-IND 2025"]
[Site "Guntur IND"]
[Date "2025.09.30"]
[Round "10.31"]
[White "Saisarvesh S"]
[Black "Ankit Ray"]
[Result "1/2-1/2"]
[BlackTitle "FM"]
[WhiteElo "1977"]
[BlackElo "2221"]
[WhiteFideId "25739530"]
[BlackFideId "25770624"]
[EventDate "2025.09.21"]

1. e4 c5 2. Nf3 e6 3. d4 cxd4 4. Nxd4 Nc6 5. Nc3 Qc7 6. Be3 a6 7. Qf3 b5 8. Qg3
Qxg3 9. hxg3 Nxd4 10. Bxd4 Ne7 11. O-O-O Nc6 12. Be3 Bb7 13. f3 h6 14. g4 Rg8
15. g5 hxg5 16. Bxg5 Bc5 17. Re1 Bf2 18. Re2 Bd4 19. Be3 O-O-O 20. Bxd4 Nxd4 21.
Rd2 e5 22. Rh7 Ne6 23. a4 bxa4 24. Nxa4 Rh8 25. Rxh8 Rxh8 26. b3 Rh1 27. Rd1 Kc7
28. Bc4 Rh2 29. Rd2 g5 30. Bxe6 dxe6 31. Nc5 Bc8 32. Nd3 f6 33. c4 Rh4 34. Nf2
f5 35. Re2 Kd6 36. c5+ Kc7 37. exf5 exf5 38. Rxe5 Rh2 39. Nd3 Rxg2 40. Nb4 a5
41. Re7+ Bd7 42. Nd3 Kd8 43. Rg7 a4 44. Ne5 Be8 45. b4 a3 46. Ra7 a2 47. c6 Re2
48. c7+ Kc8 49. Nc4 a1=Q+ 50. Rxa1 Kxc7 51. Ra5 g4 52. fxg4 fxg4 53. Re5 1/2-1/2

[Event "62nd ch-IND 2025"]
[Site "Guntur IND"]
[Date "2025.09.30"]
[Round "10.32"]
[White "Bhoir Paras Dilip"]
[Black "Umashankar A"]
[Result "1-0"]
[WhiteElo "2219"]
[BlackElo "1971"]
[WhiteFideId "25763695"]
[BlackFideId "35009931"]
[EventDate "2025.09.21"]

1. e4 c5 2. Nf3 d6 3. d4 cxd4 4. Nxd4 Nf6 5. Nc3 g6 6. Be3 Nc6 7. f3 h5 8. Bc4
Bd7 9. Bb3 Bg7 10. Qd3 Na5 11. O-O h4 12. h3 a6 13. f4 Nxb3 14. axb3 Nh5 15.
Rad1 b5 16. e5 Ng3 17. e6 Bxe6 18. Nxe6 fxe6 19. Qxg6+ Kd7 20. Qxg7 Nxf1 21.
Rxf1 Rh5 22. Rd1 Qh8 23. Qg4 Rf5 24. Qf3 Qc8 25. Ne4 Qc6 26. b4 Rg8 27. Kh2 Rd5
28. Ra1 Rf5 29. Ra3 e5 30. Rd3 Qc8 31. Nxd6 exd6 32. Bc5 Rg6 33. Qe4 Ke8 34.
Bxd6 Rff6 35. Bxe5 Qc6 36. Rd5 Qe6 37. Rd6 1-0

[Event "62nd ch-IND 2025"]
[Site "Guntur IND"]
[Date "2025.09.30"]
[Round "10.33"]
[White "Malvin Joshua"]
[Black "Esshan Wadhawan"]
[Result "0-1"]
[WhiteElo "1966"]
[BlackElo "2207"]
[WhiteFideId "33417873"]
[BlackFideId "45062056"]
[EventDate "2025.09.21"]

1. d4 Nf6 2. Bg5 c5 3. d5 Ne4 4. Bc1 e6 5. f3 Qh4+ 6. g3 Nxg3 7. hxg3 Qxh1 8.
Kf2 Qh5 9. Nc3 a6 10. Nh3 d6 11. dxe6 fxe6 12. Bg2 Nc6 13. e4 Be7 14. Be3 O-O
15. Qd2 e5 16. Rh1 Bxh3 17. Qd1 Bg5 18. Nd5 Bxe3+ 19. Nxe3 Nd4 20. Rxh3 Qf7 21.
c3 Nc6 22. b3 g6 23. Kg1 Rad8 24. Qd2 Kh8 25. Kh2 Ne7 26. Ng4 Qg7 27. Qg5 Nc6
28. Ne3 Rd7 29. c4 Nd4 30. Qg4 Rdf7 31. Kg1 h5 32. Nd5 Kg8 33. Qg5 Nxf3+ 34.
Bxf3 Rxf3 35. Ne7+ Qxe7 36. Qxg6+ Qg7 37. Qe6+ Qf7 38. Qxf7+ R8xf7 39. Rxh5 Rf1+
40. Kg2 R7f2+ 41. Kh3 Rh1+ 42. Kg4 Rxh5 43. Kxh5 Rxa2 44. Kg6 Re2 45. Kf5 Re3
46. Ke6 Rxe4 47. Kxd6 Re3 48. Kxc5 Rxb3 49. Kd5 a5 50. c5 a4 51. Kxe5 a3 52. Kd5
a2 53. Kc4 Rxg3 54. Kd4 0-1

[Event "62nd ch-IND 2025"]
[Site "Guntur IND"]
[Date "2025.09.30"]
[Round "10.34"]
[White "Gade Sharanya"]
[Black "Navalgund, Niranjan"]
[Result "0-1"]
[BlackTitle "FM"]
[WhiteElo "1788"]
[BlackElo "2185"]
[WhiteFideId "25925253"]
[BlackFideId "5030854"]
[EventDate "2025.09.21"]

1. d4 Nf6 2. c4 e6 3. Nc3 Bb4 4. f3 c5 5. d5 d6 6. e4 b5 7. Ne2 bxc4 8. Nf4 e5
9. Ne2 Nbd7 10. Ng3 Nb6 11. Be2 O-O 12. Bd2 Re8 13. O-O Nfd7 14. Qe1 Bxc3 15.
Bxc3 Nf8 16. f4 exf4 17. Nh5 f6 18. Rxf4 Nbd7 19. Bxc4 Ng6 20. Rf1 Nde5 21. Bb5
Rf8 22. Ng3 Bd7 23. Ba5 Qe8 24. Be2 Bb5 25. Nf5 Nf7 26. Bxb5 Qxb5 27. Bc3 Rae8
28. h4 Qd3 29. Rd1 Qxe4 30. Qf2 Nge5 31. Qg3 g6 32. Rf4 Qc2 33. Ne3 Qe2 34. Rd2
Qh5 35. Rxf6 Nh6 36. Rdf2 Rxf6 37. Rxf6 Nef7 38. Rf3 Ne5 39. Rf1 Re7 40. Qh3
Neg4 41. Nxg4 Qxg4 42. Qd3 Re2 43. Rf2 Rxf2 44. Kxf2 Qxh4+ 45. Ke2 Qg4+ 46. Qf3
Qxf3+ 47. Kxf3 Kf7 48. g4 Ng8 49. g5 Ne7 50. Ke4 Nf5 51. Be1 Ke7 52. Bf2 a6 53.
a3 Kf7 54. b4 cxb4 55. axb4 Ke7 56. Kf4 Kf7 57. Ke4 Kg7 58. Be1 h6 59. Bc3+ Kh7
60. Bf6 h5 61. Bc3 Kg8 62. Be1 Kf7 63. Bf2 Ke7 64. Kf4 Kd7 65. Ke4 Kc7 66. Kf4
Kb7 67. Kf3 Ne7 68. Ke4 Nc8 69. Bg1 Nb6 70. Bh2 Kc7 71. Bg3 Nc4 72. Bf2 Na3 73.
Kd3 Kb7 74. Kc3 Nb5+ 75. Kd3 Na7 76. Ke4 Nc8 77. Bg1 a5 78. bxa5 Ka6 79. Kd4
Kxa5 80. Bh2 Kb4 81. Bg3 Kb3 82. Kd3 Kb4 83. Kd4 Kb5 84. Bh2 Kb6 85. Bg3 Ne7 86.
Bh2 Nf5+ 87. Kc4 Kc7 88. Bf4 h4 89. Kd3 Kb6 90. Kc4 Ka5 91. Bd2+ Ka6 92. Bf4 Kb6
93. Bh2 Ng3 94. Kb4 Kc7 95. Kc4 Nf1 96. Kd4 0-1

[Event "62nd ch-IND 2025"]
[Site "Guntur IND"]
[Date "2025.09.30"]
[Round "10.35"]
[White "Singh, Pritam"]
[Black "Majumder Shrayan"]
[Result "0-1"]
[WhiteElo "1933"]
[BlackElo "2161"]
[WhiteFideId "5001218"]
[BlackFideId "45040419"]
[EventDate "2025.09.21"]

1. d4 Nf6 2. Nf3 b6 3. c4 e6 4. a3 Bb7 5. Nc3 g6 6. Qc2 Bg7 7. h4 h6 8. Bf4 d6
9. e3 Qe7 10. Be2 a6 11. Bh2 Nbd7 12. b4 O-O 13. Rb1 e5 14. c5 exd4 15. cxd6
cxd6 16. Nxd4 Rac8 17. Qb3 Ne4 18. Nxe4 Bxe4 19. Rd1 Be5 20. Bf3 Bxf3 21. gxf3
Qxh4 22. f4 Bxd4 23. Rxd4 Rc1+ 24. Rd1 Rfc8 25. O-O Qg4+ 26. Kh1 R1c6 27. Qd5
Nf6 28. Qg2 Qe6 29. Qf3 d5 30. f5 gxf5 31. Rg1+ Kh7 32. Bf4 Rc2 33. Rg2 Rc1 34.
Rgg1 Rxd1 35. Qxd1 Ng4 36. Rg2 Rc3 37. Qd4 Rc4 38. Qb2 Qc6 39. f3 Rc1+ 40. Rg1
Rc2 41. Qa1 d4 42. e4 Nf2+ 43. Kh2 Nd3+ 44. Kg3 Qg6+ 45. Kh4 Qf6+ 46. Kg3 fxe4 0-1

[Event "62nd ch-IND 2025"]
[Site "Guntur IND"]
[Date "2025.09.30"]
[Round "10.36"]
[White "Premshankar B U"]
[Black "Mohota, Nisha"]
[Result "1/2-1/2"]
[BlackTitle "IM"]
[WhiteElo "1944"]
[BlackElo "2153"]
[WhiteFideId "25955489"]
[BlackFideId "5004330"]
[EventDate "2025.09.21"]

1. d4 Nf6 2. c4 e6 3. Nc3 d5 4. Bg5 Be7 5. e3 h6 6. Bxf6 Bxf6 7. Nf3 c6 8. Bd3
Nd7 9. O-O O-O 10. Rc1 dxc4 11. Bxc4 e5 12. Ne4 exd4 13. Nxf6+ Nxf6 14. Qxd4
Qxd4 15. Nxd4 Bd7 16. f3 c5 17. Nb5 Bc6 18. Nd6 Rad8 19. Rfd1 g6 20. Kf2 Kg7 21.
e4 Nd7 22. Be2 Kf6 23. Nc4 Nb8 24. e5+ Ke7 25. Rd6 b5 26. Rxd8 Rxd8 27. Nd6 c4
28. b3 cxb3 29. axb3 a6 30. f4 h5 31. Bd3 Ke6 32. Rc5 Bd5 33. Rc7 Rd7 34. Rc8
Nc6 35. Be4 Bxe4 36. Nxe4 Kf5 37. Ng3+ Kxf4 38. Rxc6 Kxe5 39. Ke3 a5 40. Rc5+
Rd5 41. Rc7 Ke6 42. Ne4 h4 43. Rc6+ Ke7 44. Rc7+ Ke6 45. Rc6+ Ke7 46. Ra6 b4 47.
Nd2 h3 48. gxh3 Rh5 49. Nf3 Rc5 50. Nd4 Kd7 51. Ra7+ Ke8 52. Ra8+ Kd7 53. Ra7+
Ke8 54. Ke4 Rh5 55. Nf3 Rc5 56. Ra8+ Ke7 57. Ne5 Rc3 58. Ra7+ Ke8 59. Ra8+ Ke7
60. Ra7+ Ke8 61. Rxa5 Rxb3 62. h4 Rb2 63. Ra8+ Ke7 64. Ra7+ Ke6 65. Nxf7 Rxh2
66. Ng5+ Kd6 67. Nf3 Re2+ 68. Kd3 Rf2 69. Ke3 Rg2 70. Rb7 Rg4 71. Rb5 Rc4 72.
Rb6+ Kc5 73. Rxg6 b3 74. Rg1 Kb4 75. h5 b2 76. Rb1 Kc3 77. Rh1 Rc6 78. Kf4 Rb6
79. Kg5 b1=Q 80. Rxb1 Rxb1 81. h6 Rb5+ 82. Kg4 Rb6 83. h7 Rh6 84. Ng5 Rxh7 85.
Nxh7 1/2-1/2

[Event "62nd ch-IND 2025"]
[Site "Guntur IND"]
[Date "2025.09.30"]
[Round "10.37"]
[White "Swarna Nihal"]
[Black "Chukka Vineel Radha Karthik"]
[Result "1/2-1/2"]
[WhiteTitle "FM"]
[WhiteElo "2305"]
[BlackElo "1889"]
[WhiteFideId "25683640"]
[BlackFideId "33367787"]
[EventDate "2025.09.21"]

1. d4 d5 2. c4 e6 3. Nf3 Nf6 4. Nc3 Be7 5. Bg5 h6 6. Bh4 O-O 7. e3 b6 8. Be2 Bb7
9. cxd5 Nxd5 10. Bxe7 Qxe7 11. Rc1 Rc8 12. O-O Nxc3 13. Rxc3 Nd7 14. Qa4 c5 15.
Rfc1 cxd4 16. Nxd4 Rxc3 17. Rxc3 Nc5 18. Qa3 Qg5 19. Bf1 a5 20. Nb3 Ne4 21. Rc7
Bd5 22. Nd4 Nd2 23. f4 Qg4 24. Qd3 Nxf1 25. Qxf1 Rd8 26. a3 Be4 27. h3 Qg6 28.
Kh2 Kh7 29. Qf2 Qf6 30. Qg3 Rd5 31. b4 axb4 32. axb4 Rd8 33. Nf3 Kg8 34. Ne5 Rd2
35. Rxf7 Qxf7 36. Nxf7 Kxf7 37. h4 Rxg2+ 38. Qxg2 Bxg2 39. Kxg2 Kf6 40. Kf3 e5
41. Ke4 exf4 42. exf4 g6 43. b5 Ke6 44. Kd4 Kd6 45. Ke4 Ke6 46. Kd4 1/2-1/2

[Event "62nd ch-IND 2025"]
[Site "Guntur IND"]
[Date "2025.09.30"]
[Round "10.38"]
[White "Vignesh, B"]
[Black "Borkhetariya Devarsh M"]
[Result "1/2-1/2"]
[WhiteElo "2288"]
[BlackElo "2040"]
[WhiteFideId "35051555"]
[BlackFideId "25777033"]
[EventDate "2025.09.21"]

1. e4 e5 2. Nf3 Nf6 3. Nxe5 d6 4. Nf3 Nxe4 5. Nc3 Nf6 6. d4 Be7 7. Bf4 O-O 8.
Qd2 a6 9. Bd3 Re8 10. O-O-O b5 11. Ne4 Bb7 12. Ng3 Nbd7 13. h4 Bf8 14. h5 c5 15.
dxc5 Nxc5 16. h6 g6 17. Bg5 Ne6 18. Bh4 Be7 19. Rhe1 Ng4 20. Be4 d5 21. Bxe7
Qxe7 22. Bd3 Qf6 23. Rh1 Nc5 24. Rh4 Ne5 25. Qf4 Ncxd3+ 26. cxd3 Rac8+ 27. Kb1
Qxf4 28. Rxf4 Nxf3 29. gxf3 f5 30. Rb4 Kf7 31. f4 Rc5 32. a4 Bc6 33. axb5 Bxb5
34. Rb3 Rec8 35. Ne2 Rc2 36. Rc1 Rxc1+ 37. Nxc1 Kf6 38. Ne2 g5 39. fxg5+ Kxg5
40. Nd4 Kxh6 41. Nxb5 axb5 42. Rxb5 Kg5 43. Rxd5 h5 44. Rd7 Rh8 45. Kc2 h4 46.
Rg7+ Kf4 47. Rg2 h3 48. Rh2 Kg4 49. b4 Kh4 50. Kc3 Rg8 51. b5 Rg2 52. b6 Rg6 53.
d4 Rxb6 54. d5 Rg6 55. Rh1 Rg8 56. Kc4 f4 57. d6 Ra8 58. Kc5 Ra2 59. Rd1 Kg4 60.
d7 Ra8 61. Rh1 Kf3 62. Rh2 Ke2 63. Kd6 Kf1 64. Ke5 Rd8 65. Ke6 f3 66. Ke7 Rxd7+
67. Kxd7 Kg1 68. Rxh3 Kxf2 69. Rxf3+ Kxf3 1/2-1/2

[Event "62nd ch-IND 2025"]
[Site "Guntur IND"]
[Date "2025.09.30"]
[Round "10.39"]
[White "Vedant Rupeshbhai Varasada"]
[Black "Nandish V S"]
[Result "1-0"]
[WhiteTitle "CM"]
[BlackTitle "CM"]
[WhiteElo "2044"]
[BlackElo "2252"]
[WhiteFideId "25156527"]
[BlackFideId "45084297"]
[EventDate "2025.09.21"]

1. e4 e5 2. Nf3 Nc6 3. Bb5 a6 4. Ba4 Bc5 5. c3 Nge7 6. O-O Ng6 7. d4 Ba7 8. Bg5
f6 9. Be3 O-O 10. Re1 d6 11. Nbd2 Kh8 12. h3 Bd7 13. Nf1 Qe8 14. Bc2 Nd8 15. Ng3
Ne6 16. Qd2 Ngf4 17. Nh4 g6 18. Kh2 Qe7 19. Nhf5 Qd8 20. d5 Ng5 21. Nh4 Nf7 22.
Nf3 Ng5 23. Nh4 Nxe4 24. Nxe4 f5 25. Bxf4 exf4 26. Qxf4 fxe4 27. Nxg6+ hxg6 28.
Qh6+ Kg8 29. Qxg6+ Kh8 30. Rxe4 Bf5 31. Qh6+ Kg8 32. Rg4+ Kf7 33. Rg7+ Ke8 34.
Re1+ 1-0

[Event "62nd ch-IND 2025"]
[Site "Guntur IND"]
[Date "2025.09.30"]
[Round "10.40"]
[White "Yohan Yadav Tarala"]
[Black "Tata, Keerthi Rana"]
[Result "1/2-1/2"]
[WhiteTitle "CM"]
[WhiteElo "2246"]
[BlackElo "2029"]
[WhiteFideId "33385300"]
[BlackFideId "5015413"]
[EventDate "2025.09.21"]

1. Nf3 c5 2. c4 Nf6 3. g3 b6 4. Bg2 Bb7 5. O-O e6 6. b3 Be7 7. Bb2 O-O 8. Nc3 d6
9. d4 cxd4 10. Nxd4 Bxg2 11. Kxg2 a6 12. e4 Qc7 13. Qe2 Nbd7 14. Rfd1 Rac8 15.
f3 Rfe8 16. Rac1 Qb7 17. Nc2 Qb8 18. Ne3 Bd8 19. Rc2 Bc7 20. Rcd2 Rcd8 21. Ba3
Ne5 22. f4 Ng6 23. Ng4 Nxg4 24. Qxg4 b5 25. cxb5 axb5 26. Bb4 Qb6 27. Qe2 Rb8
28. Bxd6 Bxd6 29. Rxd6 Qc5 30. R6d3 h6 31. Qe3 Qa3 32. R1d2 Rec8 33. Ne2 Ne7 34.
Rd7 Nc6 35. Nd4 Nxd4 36. Qxd4 Qc1 37. Qd6 Qe1 38. Qe5 Ra8 39. R7d4 b4 40. Qb5
Rab8 41. Qf1 Qe3 42. R2d3 Rc2+ 43. Kh3 Qe2 44. Qxe2 Rxe2 45. Rd2 Re1 46. Rd8+
Rxd8 47. Rxd8+ Kh7 48. Rd4 Re2 49. Rxb4 Rxa2 50. e5 h5 51. Rb7 Kg6 52. b4 Rb2
53. b5 Ra2 54. b6 Rb2 55. Rb8 Ra2 56. b7 Rb2 57. g4 Rb3+ 58. Kh4 hxg4 59. Kxg4
Rb2 60. h4 Rg2+ 61. Kf3 Rb2 62. Kg4 Rg2+ 63. Kf3 Rb2 64. Kg4 Rg2+ 65. Kf3 Rb2 1/2-1/2